| 000 | 00341nam a22001217a 4500 | ||
|---|---|---|---|
| 082 | _a220 PRO | ||
| 100 |
_aIMRAN,USAMA,AWAIS _972186 |
||
| 245 | _aPR-SOF-1134-DESIGN AND ANALYSIS OF UAV ROTOR FAN-WING TECHNOLOGY | ||
| 260 |
_aISLAMABAD _bNUST COLLEGE OF EME _c2011 |
||
| 650 | _aDE-MECH-29 | ||
| 700 |
_aATIF BIN ASGHAR _972187 |
||
| 942 | _cCR | ||
| 999 |
_c578336 _d578336 |
||